000 00286nam a22001337a 4500
008 171201b xxu||||| |||| 00| 0 eng d
020 _a0471049344
041 _aeng
080 _a51
100 _a36
101 _aMAT
245 _aADVANCED CALCULUS
_cAMAZIGO, J.C
942 _2udc
_cBK
999 _c38689
_d38689